000 00605nam a2200241Ia 4500
001 3014
005 20240113233606.0
007 ta
008 050328s1988 g b000 u hin u
040 _aSKBL,Cotton College
041 _ahin
_hasm
082 _a891.22
_bHa 337 Du
100 _aBhasa, .
245 0 _aDutavakya /
_cBhasa.
_hTextual Documents
250 _a1st ed /
260 _aGolaghat :
_bChandrika Prakashan ,
_c1988.
300 _a56p ;
_c18cm.
653 _aSanskrit Drama
700 _aHazarika, Monoj .
942 _2ddc
_cBK
999 _c3002
_d3002